00791nam a2200193Ia 4500952011400000999001700114008004100131020001500172050002100187100002900208245004300237260003100280300001800311504005000329505015700379519004400536650001000580942000700590 00102lcc4070a03b03d2001-05-15l2oBJ1143 B78 1999p03 002062r2017-04-17s2017-04-17t1w2012-07-20yLB c79458d79458120720s1999 mx 000 0 spa d a9687903112 aBJ1143bB78 19991 aBrunet, Gracielaeautora10aÉtica para todosc / Graciela Brunet aMéxicob : Ederec, 1999 a226 páginas aIncluye: bibliografía general (pp. 223-226) aÉtica Moral Los problemas de la ética y alguno modelos de solución La responsabilidad moral. La libertad Valores Derechos humanos Ética aplicada aMaterial Complementario / d(03 002062)14aETICA cLB